|
|
|
|
| LEADER |
00000nam a2200000 a 4500 |
| 001 |
vtls009183628 |
| 003 |
SK-MaSNL |
| 005 |
20260301054256.0 |
| 008 |
240313s2007 xo al d p 000 0 eng |
| 015 |
|
|
|a SNBA2008/05-02056
|
| 020 |
|
|
|a 9788080835330
|q (brož.)
|
| 035 |
|
|
|a 19E3DB46-7E0B-45F3-95FF-AC630FE20C70
|
| 035 |
|
|
|a urn:nbn:sk:snk-aml5si
|
| 035 |
|
|
|a urn:nbn:sk:snk-am008vb7
|
| 040 |
|
|
|a SNK
|b slo
|c SNK
|e AACR2
|
| 041 |
0 |
|
|a eng
|
| 044 |
|
|
|a xo
|c SK
|
| 072 |
|
7 |
|a 316.4/.7
|x Sociálne interakcie
|2 konspekt
|
| 072 |
|
7 |
|a 37.016
|x Učebné osnovy. Vyučovacie predmety. Učebnice
|2 konspekt
|
| 080 |
|
|
|a 316.772.4
|2 2001
|
| 080 |
|
|
|a 005:316.72/.75
|2 2001
|
| 080 |
|
|
|a 658.114
|2 2001
|
| 080 |
|
|
|a (075.8)
|2 2001
|
| 100 |
1 |
|
|a Benčiková, Dana,
|d 1971-
|4 aut
|9 111593
|
| 245 |
1 |
0 |
|a Cross-cultural communication in business
|b (vysokoškolská učebnica)
|c Dana Benčiková
|
| 250 |
|
|
|a 1. vyd.
|
| 260 |
|
|
|a V Banskej Bystrici
|b Univerzita Mateja Bela, Ekonomická fakulta
|c 2007
|
| 300 |
|
|
|a 201 s.
|b ilustr., tab.
|c 25 cm
|
| 366 |
|
|
|e 150 výt.
|
| 500 |
|
|
|a Spoluvydav. OZ Ekonómia
|
| 504 |
|
|
|a Bibliogr. s. 198-201. Pozn. Slovník
|
| 650 |
0 |
7 |
|a interkultúrna komunikácia
|2 SNKPH
|9 2689
|
| 650 |
0 |
7 |
|a interkulturálny manažment
|2 SNKPH
|9 69699
|
| 650 |
0 |
7 |
|a podnikanie
|2 SNKPH
|9 1757
|
| 650 |
0 |
7 |
|a Intercultural communication
|2 SNKPHeng
|9 267181
|
| 650 |
0 |
7 |
|a Intercultural management
|2 SNKPHeng
|9 352778
|
| 650 |
0 |
7 |
|a Business
|2 SNKPHeng
|9 268171
|
| 655 |
|
7 |
|a učebnice vysokých škôl
|2 SNKPH
|9 70191
|
| 655 |
|
7 |
|a Textbooks (higher)
|2 SNKPHeng
|9 276436
|
| 752 |
|
|
|a Slovensko
|d Banská Bystrica
|
| 852 |
|
|
|a Štátna vedecká knižnica v Banskej Bystrici
|
| 919 |
|
|
|a 978-80-8083-533-0
|
| 958 |
|
|
|a NB
|
| 968 |
|
|
|d 30/31
|
| 999 |
|
|
|c 610513
|d 612443
|
| 952 |
|
|
|a SNK
|b SNK
|y VYP
|7 0
|p 17A0578098
|o snkSC 130814 D1
|i snk2008/3611
|8 0
|0 0
|1 0
|4 0
|d 2008-02-12
|l 0
|r 2026-02-23 16:21:45
|w 2026-02-23
|
| 952 |
|
|
|a SNK
|b SNK
|y PREZ
|7 0
|p 17A0578105
|o snkSC 130814
|i snk2008/3610
|8 0
|0 0
|1 0
|4 0
|d 2008-02-12
|f 1
|l 0
|r 2025-06-19 00:00:00
|w 2026-02-23
|